| 000 | 00543nam a22001817a 4500 | ||
|---|---|---|---|
| 008 | 150605b xxu||||| |||| 00| 0 eng d | ||
| 041 | 0 | _aeng | |
| 080 | _a599.9 | ||
| 245 | 0 | 0 |
_aThe expressmen / _cby the editors of Time-Life Books ; with text by David Nevin. |
| 260 |
_aNew York : _bTime-Life Books, _c[1974] |
||
| 300 |
_a240 p. : _bill. (some col.) ; _c29 cm. |
||
| 490 | _aThe Old West | ||
| 505 | _aIndex: f. 238-240 | ||
| 650 | 0 | _aExpress service | |
| 650 | 0 | _aShërbim i saktë | |
| 700 | 1 |
_aNevin, David, _b1927-2011. |
|
| 942 |
_2udc _cBK |
||
| 999 |
_c997 _d997 |
||